Sanción o pena del adolescente infractor /

Este artículo se ocupa de las sanciones que la Ley No. 40 de 26 de agosto de 1999, reformada por la Ley No. 46 de 6 de junio del año en curso del Régimen Especial de Responsabilidad Penal para la Adolscencia contempla para los jóvenes infractores

Sábháilte in:
Sonraí bibleagrafaíochta
Príomhchruthaitheoir: Calvo Urriola, Ezequiel Antonio
Formáid: Téacs
Ábhair:
Clibeanna: Cuir clib leis
Níl clibeanna ann, Bí ar an gcéad duine le clib a chur leis an taifead seo!

MARC

LEADER 00000 a a2200000 04500
001 9403
003
040
100 |a Calvo Urriola, Ezequiel Antonio  
245 |a Sanción o pena del adolescente infractor /  |c Ezequiel Antonio Calvo Urriola 
520 |a Este artículo se ocupa de las sanciones que la Ley No. 40 de 26 de agosto de 1999, reformada por la Ley No. 46 de 6 de junio del año en curso del Régimen Especial de Responsabilidad Penal para la Adolscencia contempla para los jóvenes infractores  
650 |a SANCIONES PENALES  
650 |a ADOLESCENTES  
773 |g número 449; páginas 80-86  
999 |c 30563  |d 30563